| 000 | 00844nam a22002535i 4500 | ||
|---|---|---|---|
| 001 | 10613 | ||
| 003 | ES-MaACL | ||
| 005 | 20230906145925.0 | ||
| 007 | t| | ||
| 008 | 940415s1993 sp |||| | spa j | ||
| 020 | _a84-00-07316-9 | ||
| 080 | _a98(=60):930.1"15" | ||
| 080 | _a930.1"15":98(=60) | ||
| 245 | 0 | 0 |
_aHumanismo y visión del otro en la España moderna _b: cuatro estudios / _cBerta Ares ... [et al.]. |
| 260 |
_aMadrid : _bConsejo Superior de Investigaciones Científicas, _c[1993] |
||
| 300 |
_a429 p. ; _c24 cm. |
||
| 490 | 1 |
_aBiblioteca de historia de América ; _v6 |
|
| 504 | _aBibliografía. | ||
| 651 | 4 |
_aAmérica española- _xHistoriografía. _97732 |
|
| 700 | 1 |
_aAres Queija, Berta. _922633 |
|
| 830 | 0 |
_aBiblioteca de historia de América ; _v6 _9179616 |
|
| 852 |
_aES-MaACL _jL-18047 |
||
| 999 |
_c10613 _d10613 |
||